ELT (English Language Teaching) Journal : an international journal for teachers of English to speakers of other languages
Сохранить в:
| Соавтор: | |
|---|---|
| Формат: | Журнал |
| Язык: | English |
| Опубликовано: |
Oxford :
Oxford University Press,
199-
|
| Метки: |
Добавить метку
Нет меток, Требуется 1-ая метка записи!
|
| Thư viện lưu trữ: | Thư viện Trường Đại học Đà Lạt |
|---|
| LEADER | 00623nam a2200229 4500 | ||
|---|---|---|---|
| 001 | DLU030025439 | ||
| 022 | # | # | |a 0951-0893 |
| 040 | # | # | |a DLU |b vie |
| 041 | # | # | |a eng |
| 245 | # | # | |a ELT (English Language Teaching) Journal : |b an international journal for teachers of English to speakers of other languages |
| 260 | # | # | |a Oxford : |b Oxford University Press, |c 199- |
| 300 | # | # | |a v.; |c 24cm |
| 310 | # | # | |a quarterly |
| 710 | # | # | |a Oxford University Press |
| 994 | # | # | |a DLU |
| 900 | # | # | |a True |
| 911 | # | # | |a Lê Thị Mạnh Xuân |
| 925 | # | # | |a G |
| 926 | # | # | |a A |
| 927 | # | # | |a TT |
| 980 | # | # | |a Thư viện Trường Đại học Đà Lạt |